[Event "World-ch31-KK2 Kasparov-Karpov +5-3=16"]
[Site "Moscow"]
[Date "1985.09.24"]
[Round "8"]
[White "Karpov, Anatoly"]
[Black "Kasparov, Garry"]
[Result "1/2-1/2"]
[WhiteElo "2720"]
[BlackElo "2700"]
[PlyCount "98"]
[EventDate "1985.09.03"]
[EventType "match"]
[EventRounds "24"]
[EventCountry "URS"]
[SourceTitle "MainBase"]
[Source "ChessBase"]
[SourceDate "1999.07.01"]
[SourceVersion "2"]
[SourceVersionDate "1999.07.01"]
[SourceQuality "1"]

1. d4 {Donev,Ivo Hristov} d5 2. c4 e6 3. Nc3 Be7 4. Nf3 Nf6 5. Bg5 h6 6. Bh4 O-O 7. e3 b6 8. Be2 Bb7 ({RR} 8... Nbd7 9. cxd5 exd5 10. O-O) 9. Bxf6 Bxf6 10. cxd5 exd5 11. b4 c5 12. bxc5 bxc5 13. Rb1 Bc6 14. O-O Nd7 15. Bb5 Qc7 ({RR} 15... Bxb5) 16. Qd3 Rfd8 ({RR} 16... Rfc8 17. h3 ({RR} 17. Rfc1 Rab8 ({RR} 17... Bxb5 18. Nxb5 Qc6) 18. h3 c4 ({RR} 18... g6 19. Bxc6 {RR} Rxb1 ({RR} 19... Qxc6 20. Rxb8 Rxb8 21. dxc5 Bxc3 22. Rxc3 Nxc5 23. Qc2 Rc8 24. Nd4) 20. Qxb1 ({RR} 20. Nxb1 Qxc6 21. dxc5 Nxc5 22. Qa3 Qb7) 20... Qxc6 21. dxc5 Qxc5 ({RR} 21... Nxc5 22. Ne2 Qa8 23. Nf4) 22. Ne2 Qf8 23. h4 ({RR} 23. Qb7 Rxc1+ 24. Nxc1 Qa3) ({RR} 23. Nf4 Nb6 24. h4 h5 25. Rxc8 Qxc8 26. Nxg6 fxg6 27. Qxg6+ Bg7 28. Ng5 Qd7 29. Qxh5 d4 30. exd4 Nd5 31. Qh7+ Kf8 32. Qg6) 23... Ne5 24. Nxe5 Bxe5 25. Rd1 ({RR} 25. h5 Rxc1+ 26. Nxc1 Qb8 27. Qd3 Qb2 28. Nb3 Qc3) 25... Qc5 26. h5 Qc2 27. Qxc2 Rxc2 28. Rxd5 Rxe2 ({RR} 28... Bc7 29. Kf1 Rxa2 30. g3 Ra5 31. Rd7) 29. Rxe5 Rxa2 30. hxg6 fxg6 31. Re7 a5 32. Ra7 a4 33. g3 h5 34. Kg2) ({RR} 18... cxd4 19. Nxd5 {RR} Bxb5 20. Rxc7 Bxd3 21. Rxb8 Rxb8 22. Rxd7 dxe3 23. Nxf6+ gxf6 24. fxe3 Be4 25. Rxa7) 19. Qc2 ({RR} 19. Qf5 g6) 19... Bxb5 ({RR} 19... Ba8) 20. Nxb5 Qa5) ({RR} 17. Rfd1) ({RR} 17. Qf5 g6) 17... cxd4 18. Nxd4 Bb7 19. Rfc1 Nc5 ({RR} 19... Rab8) ({RR} 19... Ne5) 20. Qd1 ({RR} 20. Qf5) 20... Qe7 21. Qg4 g6 22. Bf1 ({RR} 22. Nf5 Qe6 23. Nxh6+ Kg7 ({RR} 23... Kh7 24. Qxe6 Nxe6 25. Nxf7) {RR} 24. Qxe6 Nxe6) 22... Bg7 23. Qd1 ({RR} 23. Rc2) 23... Rab8 24. Rc2 ({RR} 24. Qg4) 24... Ba8 25. Rbc1 Rd8 ({RR} 25... Qf8 26. Ncb5) 26. g3 ({RR} 26. Ncb5 Rbc8 27. Qg4 h5 28. Qd1 a6 29. Nc3 Bb7 30. Bd3) ({RR} 26. Nce2 Ne4 27. Nf4 ({RR} 27. Rc7 Rd7 28. R7c2) 27... Rb4) 26... Bxd4 27. exd4 ({RR} 27. Qxd4 Ne6 28. Qd3 d4) 27... Ne6 28. h4 ({RR} 28. Bg2 Qg5 29. Ne2 Re8 30. Qd3 Bb7 31. f4 Qf6) 28... Qf6 29. Ne2 Rb4 ({RR} 29... Bb7 30. Qd3 ({RR} 30. Bg2 Ba6 31. Nc3 Bc4) ({RR} 30. Bh3 Ba6 31. Bxe6 Qxe6 32. Nf4 Qe4) 30... Rd6 31. Qa3 Ra6 32. Qe3 Kg7) 30. Rc8 Bb7 31. Rxd8+ {Topalov,V (2740)-Kasparov,G (2825) Sofia 1998 CBM 065 [Donev,Ivo Hristov] 0-1 (47)} {RR} Qxd8 32. Qd2 Qb6 33. Qxh6 Nxd4 34. Nxd4 Rxd4 35. Bg2) 17. Rfd1 $146 ({RR} 17. Qf5 cxd4 18. exd4 g6 19. Qh3 Bxb5 20. Nxb5 Qf4 21. Rb3 h5 22. Re1 Rac8 23. g3 Qg4 24. Qf1 Nf8 25. Nxa7 Rc4 26. Nb5 Ne6 27. Qe2 h4 28. Rb2 h3 29. Ne5 Qxe2 30. Rbxe2 Rb4 31. a4 Bxe5 {Dydyshko,V (2460)-Vladimirov,Y (2500) Moscow 1983 0-1 (35)}) ({RR} 17. Rfc1 c4 18. Qf5 Nb6 19. Bxc6 Qxc6 20. Qc2 Rab8 21. a4 Na8 22. h3 Nc7 23. Rxb8 Rxb8 24. e4 dxe4 25. Nxe4 Rb4 26. Nxf6+ Qxf6 27. Qe2 Rxa4 28. Rxc4 Rxc4 29. Qxc4 Qd6 30. Ne5 Ne6 31. Nc6 a6 {Istratescu,A (2361)-Cnejev,V (2352) Timisoara ROU 2023 ½-½ (38)}) ({RR} 17. Rfc1 Rab8 18. h3 g6 19. Bxc6 Rxb1 20. Qxb1 Qxc6 21. dxc5 Nxc5 22. Qb5 Qb6 23. Nd4 Bxd4 24. exd4 Ne6 25. Qxb6 axb6 26. Rb1 Nxd4 27. Rxb6 Ne6 28. a4 Ra8 29. Rb4 d4 30. Nd1 Kg7 31. Nb2 Kf6 {Studnicka,T (2334)-Chalupa,I (2149) Karlovy Vary 2004 ½-½ (52)}) 17... Rab8 18. Bxc6 Qxc6 19. Rxb8 Rxb8 20. dxc5 Bxc3 21. Qxc3 Qxc5 22. Qxc5 Nxc5 23. h3 Ne4 24. Rxd5 Rb1+ 25. Kh2 Nxf2 26. Rd8+ Kh7 27. Rd7 a5 28. Rxf7 Rb2 29. a4 Nd1 30. Re7 Rb4 31. Nd4 Nxe3 32. Nc6 Rc4 33. Rxe3 Rxc6 34. Re5 Rc3 35. Rxa5 Ra3 36. h4 Kg6 37. g4 Kf6 38. Rf5+ Ke6 39. Rf4 g5 40. hxg5 hxg5 41. Rb4 Ke5 42. Kg2 Ra2+ 43. Kf3 Ra3+ 44. Ke2 Rg3 45. Kd2 Rg2+ 46. Ke3 Rg3+ 47. Ke2 Ra3 48. Kd2 Rg3 49. Rc4 Kd5 1/2-1/2

[Event "World-ch30-KK1 Karpov-Kasparov +5-3=40"]
[Site "Moscow"]
[Date "1984.10.24"]
[Round "17"]
[White "Karpov, Anatoly"]
[Black "Kasparov, Garry"]
[Result "1/2-1/2"]
[WhiteElo "2700"]
[BlackElo "2710"]
[PlyCount "44"]
[EventDate "1984.09.10"]
[EventType "match"]
[EventRounds "48"]
[EventCountry "URS"]
[SourceTitle "MainBase"]
[Source "ChessBase"]
[SourceDate "1999.07.01"]
[SourceVersion "2"]
[SourceVersionDate "1999.07.01"]
[SourceQuality "1"]

1. Nf3 d5 2. d4 Nf6 3. c4 e6 4. Nc3 Be7 5. Bg5 h6 6. Bh4 O-O 7. e3 b6 8. Be2 Bb7 9. O-O Nbd7 10. Rc1 c5 11. Bg3 a6 ({RR} 11... Ne4 12. Nxe4 dxe4 13. Ne5 Nxe5 14. Bxe5 f6 15. Bg3 cxd4 16. Qxd4 Qxd4 17. exd4 Rfd8 18. Rfd1 Rac8 19. f3 exf3 20. Bxf3 Bxf3 21. gxf3 Bd6 22. Kf2 Kf7 23. Ke3 g5 24. Rd3 h5 25. Bxd6 Rxd6 26. c5 {Xian,J (2159)-Wilson,E (2020) Kingston Upon Thames 2025 ½-½ (51)}) 12. cxd5 Nxd5 13. Nxd5 Bxd5 14. dxc5 $146 ({RR} 14. Qc2 Nf6 15. Rfd1 Ra7 16. Ne5 Qa8 17. dxc5 Bxc5 18. Bf3 Bxf3 19. gxf3 a5 20. a3 a4 21. Qe2 {½-½ (21) Sasikiran,K (2654)-Jussupow,A (2583) Copenhagen 2003}) 14... Nxc5 15. b4 Ne4 16. Bc7 Qe8 17. a3 a5 18. Bd3 axb4 19. axb4 Bxb4 20. Bxe4 Bxe4 21. Qd4 Bxf3 22. Qxb4 Be2 1/2-1/2

[Event "World Cup"]
[Site "Rotterdam"]
[Date "1989.??.??"]
[Round "?"]
[White "Karpov, Anatoly"]
[Black "Short, Nigel D"]
[Result "1/2-1/2"]
[WhiteElo "2750"]
[BlackElo "2650"]
[Annotator "ChessBase"]
[PlyCount "167"]
[EventDate "1989.06.??"]
[EventType "tourn"]
[EventRounds "15"]
[EventCountry "NED"]
[EventCategory "15"]
[SourceTitle "CBM 013"]
[Source "ChessBase"]
[SourceDate "1989.12.01"]
[SourceVersion "1"]
[SourceVersionDate "1989.12.01"]
[SourceQuality "1"]

1. d4 e6 2. c4 Nf6 3. Nf3 d5 4. Nc3 Be7 5. Bg5 h6 6. Bh4 O-O 7. e3 b6 8. Bd3 Bb7 9. Bxf6 Bxf6 10. cxd5 exd5 11. Rc1 c5 12. O-O Nd7 13. Bb1 g6 $1 {N} ({RR} 13... Re8 14. dxc5 Nxc5 15. Nd4 g6 16. Re1 Rc8 17. Nce2 Be5 18. b4 Ne4 19. Bxe4 Rxc1 20. Qxc1 dxe4 21. Rd1 Qd6 22. h3 Qxb4 23. Nc6 Bxc6 24. Qxc6 Re7 25. Nd4 Kg7 26. a4 Bxd4 27. exd4 e3 28. fxe3 {Piket,J (2633)-Nikolic,P (2659) Monte Carlo 2000 0-1 (59)}) ({RR} 13... Rc8 14. Qc2 g6 15. Rfd1 c4 16. Nb5 Ba6 17. Qa4 Bxb5 18. Qxb5 Nb8 19. e4 a6 20. Qxd5 Qxd5 21. exd5 Rfd8 22. Be4 b5 23. Ne5 Bxe5 24. dxe5 Nd7 25. f4 Nc5 26. Bc2 a5 27. d6 b4 28. Bb1 {Principe,G (2162)-Boder,J (2317) chess.com INT 2024 1-0 (66)}) ({RR} 13... Rc8 14. Nb5 cxd4 15. Rxc8 Qxc8 16. Nfxd4 Qb8 17. Qc2 g6 18. Nc6 Bxc6 19. Qxc6 Rd8 20. Qxd5 Nf8 21. Qb3 Kg7 22. Nc3 Ne6 23. f4 Rd2 24. Bxg6 Kxg6 25. f5+ Kg7 26. fxe6 Qe5 27. Rf3 fxe6 28. Qb4 {Portisch,L (2610)-Short,N (2650) Rotterdam 1989 ½-½ (40)}) 14. Qa4 $146 ({RR} 14. a3 a6 15. dxc5 Nxc5 16. Ba2 Bxc3 17. Rxc3 Qd6 18. b4 Ne6 19. Rd3 Nc7 20. Qd2 f5 21. Rd1 Rad8 22. Nd4 Rf7 23. Ne2 Rfd7 24. Nc3 Qe5 25. f3 Kh7 26. e4 fxe4 27. Nxe4 Bc6 28. Nf2 h5 {Lasut,L-Skawinski,A Krynica 1998 1-0 (32)}) ({RR} 14. a3 cxd4 15. exd4 Bg7 16. Re1 Re8 17. Rxe8+ Qxe8 18. Ba2 Nf6 19. Ne5 Rc8 20. Qd2 Qe6 21. Re1 Nd7 22. Nf3 Qd6 23. Qe3 Bc6 24. h3 a5 25. Qe7 Qxe7 26. Rxe7 Kf8 27. Re2 Nf6 28. Ne5 Bb7 {Ligterink,G (2440)-Comp Pandix The Hague 1995 1-0 (68)}) 14... Re8 15. Rfd1 cxd4 16. exd4 Nf8 17. Bd3 a6 18. Qb3 Rc8 19. Na4 Re6 20. Bf1 Rd6 21. Qe3 Rxc1 22. Rxc1 Ne6 23. Rd1 Kg7 24. h4 b5 25. Nc3 b4 26. Ne2 Bc8 27. g3 Qe7 28. Nc1 $1 a5 29. Nd3 $1 h5 30. Nde5 Nd8 31. Ng5 Bf5 32. Bg2 Bxg5 33. hxg5 Ne6 34. f4 Qc7 35. Rc1 Qb6 36. Rd1 Rd8 37. Kf2 a4 38. Bf3 b3 $5 39. axb3 axb3 40. Rd2 Qb5 41. Bd1 Rc8 42. Qxb3 Qa5 43. Qe3 Rc1 44. Nd7 Be4 45. Nf6 Qa1 46. Qb3 Qa5 47. Qe3 Qa1 48. Nxe4 dxe4 49. d5 Nc5 50. Qd4+ Kh7 51. Ke3 Qa6 52. Qf6 Qa7 53. Qd4 Qa6 54. Rf2 $2 Nd3 55. Be2 Re1 56. Qxe4 Qb6+ 57. Kxd3 Qxf2 58. Kd2 Ra1 59. Kc2 Qe1 60. Kb3 Qxg3+ 61. Kc2 {adj; 61.d3} Qg1 62. Qe5 Rc1+ 63. Kd3 h4 64. d6 Rc5 65. Qd4 Qb1+ 66. Ke3 Qc1+ 67. Kf3 Rd5 $2 (67... Qh1+ $1 $19 68. Kg4 (68. Kf2 h3 69. Qxc5 h2 $19) 68... Qg2+ 69. Kxh4 Rc1 $19) 68. Qf2 Qh1+ 69. Kg4 Rd2 (69... Rxd6 70. Qxh4+ Qxh4+ 71. Kxh4 Rd2 $10) 70. Bf3 Qc1 71. Qxh4+ Kg8 72. b3 Qc8+ 73. Kg3 Qc5 74. Qh1 Qxd6 75. Qe1 Rd4 76. Qc1 Rd3 77. Qc8+ Kg7 78. Qc4 Rd4 79. Qc1 f6 80. gxf6+ Kxf6 81. Qc6 Qxc6 82. Bxc6 Kf5 83. Bb5 Rd1 84. Kf3 1/2-1/2

[Event "World Cup"]
[Site "Skelleftea"]
[Date "1989.08.??"]
[Round "4"]
[White "Karpov, Anatoly"]
[Black "Portisch, Lajos"]
[Result "1/2-1/2"]
[WhiteElo "2755"]
[BlackElo "2600"]
[Annotator "Bulletin"]
[PlyCount "112"]
[EventDate "1989.08.??"]
[EventType "tourn"]
[EventRounds "15"]
[EventCountry "SWE"]
[EventCategory "16"]
[SourceTitle "CBM 014"]
[Source "ChessBase"]
[SourceDate "1990.02.01"]
[SourceVersion "1"]
[SourceVersionDate "1990.02.01"]
[SourceQuality "1"]

1. d4 {Ftacnik,Lubomir Ftacnik,Lubomir} Nf6 2. c4 e6 3. Nf3 d5 4. Nc3 Be7 5. Bg5 O-O 6. e3 h6 7. Bh4 b6 8. Rc1 Bb7 9. Bxf6 Bxf6 10. cxd5 exd5 11. Bd3 c5 12. O-O cxd4 13. exd4 {'=' Bulletin.} (13. Nxd4 $10 Nc6 14. Nce2 Nxd4 15. Nxd4 Bxd4 16. exd4 Re8 (16... Qd6 17. Re1 Rac8 18. Rxc8 Bxc8 19. a3 Bd7 20. Qh5 Re8 {Ribli,Z-Georgiev,Ki/Reggio/1988/½-½/49/  CBM11}) 17. Qa4 Re7 {Ribli,Z-Beliavsky,A/reykjavik WCup71988/½-½/34/  CBM10}) 13... Nc6 14. Bb1 {Bulletin: 'N'} (14. Bb5 Qd6 15. Re1 Rfe8 16. Qd3 a6 17. Bxc6 Qxc6 18. Qf5 Rxe1+ 19. Rxe1 Re8 20. Rxe8+ Qxe8 21. h3 Qd8 22. Qf4 {Ro,anishin,O-Boensch,U/dresden/1988/½-½/80/ CBM10}) 14... Re8 15. Qd3 g6 16. Rfe1 ({RR} 16. a3 Na5 17. Ba2 Kg7 18. b4 Nc4 19. Nxd5 Bxd5 20. Bxc4 Be4 21. Qb3 Re7 22. Ba6 {½-½ (22) Ljubojevic,L (2635)-Short,N (2660) Luzern 1989 CBM 016 [Ftacnik,Lubomir]}) 16... Qd6 17. a3 ({RR} 17. Re3 Rxe3 18. fxe3 Bg7 19. a3 Rc8 20. Ba2 Ne7 21. Re1 g5 22. Rf1 Rd8 23. Kh1 Qg6 24. Qe2 Qh5 25. Bb1 Re8 26. Bd3 Nc8 27. Qf2 Nd6 28. Nd2 Qh4 29. g3 Qh5 30. Nb5 Bf8 31. Nxd6 Bxd6 {Pinter,J (2575)-Portisch,L (2630) Budapest 1997 1-0 (63)}) 17... Rxe1+ $146 ({RR} 17... Rac8 18. Ba2 Ne7 19. Nb5 Qf4 20. Rxc8 Rxc8 21. g3 Qg4 22. Nd6 Rc7 23. Ne8 Rc6 24. Nxf6+ Rxf6 25. Rxe7 Rxf3 26. Qe2 Bc6 27. Kg2 Rf4 28. Qxg4 Rxg4 29. f4 g5 {1-0 (29) Chuchelov,V (2475)-Kuehn,M (2235) Berlin 1994}) ({RR} 17... Rac8 18. Ba2 Na5 19. Rxe8+ ({RR} 19. b4 Rxe1+ 20. Rxe1 Nc4) 19... Rxe8 20. b4 Nc4 21. Nxd5 ({RR} 21. Bxc4 dxc4 22. Qxc4 Bxf3 23. gxf3 Qxd4) 21... Bxd5 ({RR} 21... b5 22. Nxf6+ Qxf6 23. Re1 ({RR} 23. Bxc4 bxc4 24. Qxc4 ({RR} 24. Rxc4 Ba6) 24... Bxf3 25. gxf3 Qxf3) 23... Rd8) 22. Bxc4 Qf4 ({RR} 22... Rc8 23. Rc2 Bxf3 ({RR} 23... Qc6 24. Bb3) 24. Qxg6+ Kh8 25. Qxh6+ Kg8 26. Bxf7+ ({RR} 26. Bd3) 26... Kxf7 27. Rxc8) 23. Rd1 Bxf3 24. Qxf3 ({RR} 24. Qxg6+ Bg7 ({RR} 24... Kh8 25. Qxf7 Rc8 26. Bd3 Be4 27. Bxe4) 25. gxf3 Qxf3 26. Qd3 Qf4) 24... Re4 ({RR} 24... Qxf3 25. gxf3 Rc8 26. Bb5 Rc3 27. d5) 25. Qxf4 Rxf4 26. g3 Rxd4 {½-½ (26) Ftacnik,L (2590)-Van der Sterren,P (2475) Sydney 1991 CBM 023 [Ftacnik,Lubomir]}) 18. Rxe1 Rd8 19. Ba2 Ne7 20. Ne5 h5 21. Nb5 Qb8 22. h3 Kg7 23. Bb3 Ba6 24. Ba4 Rc8 25. Qd2 Bxb5 26. Bxb5 Qd6 27. Qf4 Bxe5 28. dxe5 Qe6 29. Qa4 Rc7 30. Bd3 a5 31. Qd4 Kg8 32. b4 axb4 33. Qxb4 Ra7 34. a4 Kg7 35. Qd4 Rc7 36. f4 Qc6 37. f5 gxf5 38. e6+ f6 39. Qf4 Qc3 40. Re3 Qc1+ 41. Kh2 h4 42. Rf3 Qxf4+ 43. Rxf4 Rc3 44. Bxf5 Rc4 45. Rg4+ Kf8 46. Bb1 Rxg4 47. hxg4 Nc6 48. Kh3 Nd4 49. Kxh4 Nxe6 50. Ba2 Nf4 51. g5 fxg5+ 52. Kxg5 Nxg2 53. Bxd5 Ne1 54. Be4 Ke7 55. Kf4 Kd6 56. Ke3 Kc5 1/2-1/2

[Event "World Cup"]
[Site "Skelleftea"]
[Date "1989.08.??"]
[Round "7"]
[White "Vaganian, Rafael A"]
[Black "Karpov, Anatoly"]
[Result "1/2-1/2"]
[WhiteElo "2585"]
[BlackElo "2755"]
[PlyCount "34"]
[EventDate "1989.08.??"]
[EventType "tourn"]
[EventRounds "15"]
[EventCountry "SWE"]
[EventCategory "16"]
[SourceTitle "CBM 014"]
[Source "ChessBase"]
[SourceDate "1990.02.01"]
[SourceVersion "1"]
[SourceVersionDate "1990.02.01"]
[SourceQuality "1"]

1. Nf3 Nf6 2. c4 e6 3. Nc3 d5 4. d4 Be7 5. Bg5 h6 6. Bh4 O-O 7. e3 b6 8. Be2 Bb7 9. Bxf6 Bxf6 10. cxd5 exd5 11. b4 c5 12. bxc5 bxc5 13. Rb1 Qa5 14. O-O cxd4 ({RR} 14... Qxc3 15. Rxb7 cxd4 16. Rb3 Qc5 17. Rb5 Qa3 18. Nxd4 Rd8 19. Bf3 Bxd4 20. exd4 Nc6 21. Bxd5 Rac8 22. Qh5 Qe7 23. Rd1 Nxd4 24. Rb7 Rc7 25. Rxc7 Qxc7 26. Rxd4 Rd7 27. Rd1 Qb6 28. Bb3 Re7 29. h3 {Nesterov,A (2473)-Gokerkan,C (2470) Chess.com INT 2021 1-0 (31)}) 15. Nxd4 Nc6 16. Rxb7 $146 ({RR} 16. Ndb5 Ne7 17. Qa4 Qxa4 18. Nxa4 Bc6 19. Nc5 Rfc8 20. Rfc1 Bxb5 21. Bxb5 Rc7 22. Nd7 Bc3 23. Rb3 Ba5 24. Rxc7 Bxc7 25. g3 Rc8 26. Ba6 Ra8 27. Rb7 Bd6 28. Bb5 a5 29. Ba4 g6 30. Bb3 Kg7 {Seirawan,Y (2595)-Karpov,A (2715) Brussels 1988 ½-½ (38)}) ({RR} 16. Ndb5 Ne7 17. Qa4 Qxa4 18. Nxa4 Bc6 19. Nc5 Rfc8 20. Rfc1 Bxb5 21. Bxb5 d4 22. Nd7 dxe3 23. Nxf6+ gxf6 24. fxe3 Rab8 25. Ba4 Kg7 26. Rxb8 Rxc1+ 27. Kf2 Rc7 {½-½ (27) Timman,J (2675)-Karpov,A (2715) Amsterdam 1988}) ({RR} 16. Nxd5 Qxd5 17. Bf3 Qxa2 18. Nxc6 Bxc6 19. Bxc6 Rad8 20. Qf3 {½-½ (20) Vaganian,R (2585)-Beliavsky,A (2640) Reggio Emilia 1991}) 16... Nxd4 17. exd4 Qxc3 1/2-1/2

[Event "Amsterdam Euwe Memorial"]
[Site "Amsterdam"]
[Date "1991.??.??"]
[Round "9"]
[White "Karpov, Anatoly"]
[Black "Short, Nigel D"]
[Result "1/2-1/2"]
[WhiteElo "2725"]
[BlackElo "2635"]
[Annotator "Salov,Valery"]
[PlyCount "60"]
[EventDate "1991.05.??"]
[EventType "tourn"]
[EventRounds "9"]
[EventCountry "NED"]
[EventCategory "16"]
[SourceTitle "CBM 023"]
[Source "ChessBase"]
[SourceDate "1991.08.01"]
[SourceVersion "1"]
[SourceVersionDate "1991.08.01"]
[SourceQuality "1"]

1. d4 {Ftacnik} Nf6 2. c4 e6 3. Nf3 d5 4. Nc3 Be7 5. Bg5 h6 6. Bh4 O-O 7. e3 b6 8. Be2 Bb7 9. Bxf6 Bxf6 10. cxd5 exd5 11. b4 c6 (11... c5 $10) 12. O-O Re8 (12... a5 13. a3 Qd6 14. Qb3 axb4 15. axb4 Nd7 16. Rfd1 Rxa1 17. Rxa1 Be7 18. Ra7 Rb8 $10 {Estevez-Karpov,Leningrad 1973}) 13. Qb3 a5 $5 (13... Qd6 14. a4 Nd7 15. a5 Rad8 16. axb6 axb6 17. Ra7 Qb8 18. Ra2 $14 {Nikolic-Short,Manila 1990}) (13... Nd7 {Ftacnik} 14. Rad1 a6 15. a4 Nf8 16. a5 $1 bxa5 17. bxa5 Rb8 18. Na4 $1 $16 {Kasparov,G-Ehlvest,J/Belgrade/1989/}) 14. a3 (14. bxa5 Rxa5 15. a4 $10) 14... Nd7 15. b5 c5 $8 16. Nxd5 Bxd4 $8 (16... Bxd5 17. Qxd5 cxd4 18. Nxd4 Nc5 19. Bf3 $16) (16... cxd4 $2 {Ftacnik} 17. Nxf6+ Nxf6 18. Nxd4 $16) 17. Rad1 (17. exd4 {Ftacnik} Rxe2 18. Ne3 Bxf3 19. gxf3 cxd4 20. Qd3 Rb2 21. Qxd4 Rxb5 $15) 17... Ne5 $1 (17... Nf6 {Ftacnik} 18. Nxf6+ Qxf6 19. Nxd4 cxd4 20. Rxd4 $16) 18. Nxe5 (18. exd4 {Ftacnik} Bxd5 19. Qc3 Nxf3+ 20. Bxf3 Bxf3 21. dxc5 Qg5 22. Qxf3 Qxc5 $10) 18... Bxd5 19. Nc4 $146 (19. Bc4 $2 Rxe5 20. exd4 Bxc4 (20... Qg5 {Ftacnik} 21. Bxd5 Rxd5 $10) 21. Qxc4 Rd5 $17) ({RR} 19. Bc4 Rxe5 20. exd4 Bxc4 21. Qxc4 Rd5 22. Rd3 Qd7 23. g3 Rd8 24. Rfd1 h5 25. h4 Qg4 26. Re1 Kf8 27. Qc2 g6 28. Qd2 Rxd4 29. Qh6+ Kg8 30. Rde3 Rd1 31. Kh2 Rxe1 32. Rxe1 Qd4 33. Kg2 c4 {Hansen,U-Nielsen,P (2440) Copenhagen 1993 0-1 (35)}) 19... Qg5 20. g3 Qf5 21. Rfe1 (21. exd4 $2 {Ftacnik} Rxe2 22. dxc5 Qe4 $19) 21... Qe4 22. f3 Qxe3+ $1 (22... Bxc4 23. Bxc4 Qxe3+ (23... Bxe3+ 24. Kg2 Qe7 25. Rd3 $18) 24. Rxe3 Rxe3 25. Bxf7+ Kf8 26. Qd5 Re5+ 27. Rxd4 Rxd5 28. Bxd5 $18) (22... Bxe3+ {Ftacnik} 23. Qxe3 Qxc4 24. Qxe8+ Rxe8 25. Bxc4 Rxe1+ 26. Rxe1 Bxc4 27. Re8+ Kh7 28. Rb8 Bxb5 29. Rxb6 $18) 23. Qxe3 Rxe3 24. Nxe3 Bxe3+ 25. Kf1 $1 (25. Kg2 Bd4 26. Rxd4 cxd4 27. Rd1 Rd8 $17) 25... Bd4 26. Rxd4 $1 (26. Rd3 {Ftacnik} Rd8 27. Red1 Bc4 $36) 26... cxd4 27. Rd1 Rc8 28. Rxd4 Rc5 29. f4 Kf8 30. Bd3 Ke7 {The final position is clearly preferable for Black; the draw was agreed prema- turely} 1/2-1/2

[Event "World-ch30-KK1 Karpov-Kasparov +5-3=40"]
[Site "Moscow"]
[Date "1984.11.19"]
[Round "25"]
[White "Karpov, Anatoly"]
[Black "Kasparov, Garry"]
[Result "1/2-1/2"]
[WhiteElo "2700"]
[BlackElo "2710"]
[PlyCount "42"]
[EventDate "1984.09.10"]
[EventType "match"]
[EventRounds "48"]
[EventCountry "URS"]
[SourceTitle "MainBase"]
[Source "ChessBase"]
[SourceDate "1999.07.01"]
[SourceVersion "2"]
[SourceVersionDate "1999.07.01"]
[SourceQuality "1"]

1. Nf3 {Botvinnik,Mikhail} d5 2. d4 Nf6 3. c4 e6 4. Nc3 Be7 5. Bg5 h6 6. Bh4 O-O 7. e3 b6 8. Rc1 Bb7 9. Be2 Nbd7 10. cxd5 exd5 11. O-O c5 12. dxc5 ({RR} 12. Ne5 Nxe5 13. dxe5 Ne4) 12... bxc5 13. Rc2 ({RR} 13. Qc2 Rc8 14. Rfd1 Qb6 15. Qb1 ({RR} 15. Bg3 d4 16. exd4 Bxf3 17. dxc5) 15... Rfd8 16. Rc2 Qe6 17. Bg3 ({RR} 17. Rcd2 Ne4 18. Nxe4 dxe4 19. Bxe7 exf3 20. Bxd8 fxe2 21. Rxe2 Rxd8 22. Red2 Qg4) 17... Nh5 18. Rcd2 Nxg3 19. hxg3 Nf6 20. Qc2 g6 21. Qa4 a6 22. Bd3 Kg7 23. Bb1 Qb6 24. a3 d4 25. Ne2 ({RR} 25. exd4 Bc6 26. Qc2 ({RR} 26. Qc4 Bxf3 27. gxf3 ({RR} 27. dxc5 Bxd1 28. cxb6 Rxc4 29. Rxd8 Bxd8 30. Nxd1 Rc1) 27... cxd4) 26... Bxf3 27. gxf3 cxd4) 25... dxe3 26. fxe3 c4 27. Ned4 Qc7 {Kortschnoj,V (2650)-Karpov,A (2690) Merano 1981 MainBase [Botvinnik,Mikhail] 0-1 (43)}) ({RR} 13. Qb3 Rb8 14. Bg3 c4 15. Qc2 Rc8 16. Rfd1 Nb6 17. Nd4 Re8 18. Bf3 Bc5 19. Bh4 Be7 20. Nf5 Qd7 21. Nxe7+ Qxe7 22. Qf5 Qe6 23. Qc2 Ne4 24. Nxe4 dxe4 25. Be2 a5 26. Rd4 Bd5 27. Qc3 a4 {Raiko,Y (1963)-Cepoi,G (1598) London ENG 2025 1-0 (92)}) 13... Rc8 $146 ({RR} 13... Qb6 14. Rd2 Qe6 15. Qb3 Bc6 16. Rfd1 Rfb8 17. Qc2 Bf8 18. Bg3 Rb7 19. h3 g6 20. Ne1 Re8 21. Bf3 Nb6 22. b3 Rc8 23. Nd3 d4 24. Nf4 Qe8 25. exd4 Bxf3 26. gxf3 cxd4 27. Rxd4 Qc6 28. Nfe2 {Kwatschewsky,L (2325)-Lobron,E (2505) Beersheba 1985 0-1 (41)}) 14. Rd2 Qb6 15. Qb3 Rfd8 16. Rfd1 Qxb3 17. axb3 Nb6 18. Ne5 Kf8 19. h3 a6 20. Bf3 Ba8 21. Ng4 Ng8 1/2-1/2

[Event "Reggio Emilia-A 9192 34th"]
[Site "Reggio Emilia"]
[Date "1992.??.??"]
[Round "1"]
[White "Karpov, Anatoly"]
[Black "Beliavsky, Alexander G"]
[Result "1-0"]
[WhiteElo "2730"]
[BlackElo "2655"]
[Annotator "Ftacnik,Lubomir"]
[PlyCount "82"]
[EventDate "1991.12.??"]
[EventType "tourn"]
[EventRounds "9"]
[EventCountry "ITA"]
[EventCategory "18"]
[SourceTitle "CBM 027"]
[Source "ChessBase"]
[SourceDate "1992.04.01"]
[SourceVersion "1"]
[SourceVersionDate "1992.04.01"]
[SourceQuality "1"]

1. d4 {Hansen,Cu} e6 2. c4 Nf6 3. Nf3 d5 4. Nc3 Be7 5. Bg5 O-O 6. e3 h6 7. Bh4 b6 8. Be2 Bb7 9. Bxf6 Bxf6 10. cxd5 exd5 11. O-O Qe7 12. Qb3 Rd8 13. Rad1 c6 (13... c5 {Hansen,Cu} 14. dxc5 Bxc3 15. Qxc3 bxc5) 14. Rfe1 Bc8 $6 {N} (14... Nd7 15. Bf1 (15. Bd3 Nf8 16. e4 dxe4 17. Nxe4 Bc8 $5 18. Nc3 Be6 19. Bc4 b5 20. Bxe6 {0,5/Portisch,L-Beliavsky,A/Reggio Emilia/1991/}) 15... Nf8 16. e4 dxe4 17. Nxe4 Ne6 18. Bc4 Re8 19. Ne5 Rad8 20. Nxf7 Qxf7 21. Nxf6+ Qxf6 22. Rxe6 Rxe6 23. Bxe6+ $16 {Nikolic,Pr-Vaganian,R/Wijk aan Zee/1989/}) 15. Qc2 $1 (15. Bf1 {Hansen,Cu} Be6 (15... Bf5 $5)) (15. Bd3 {Hansen,Cu} Bg4) 15... c5 (15... Be6 16. e4 dxe4 17. Qxe4 (17. Nxe4 $16 {Hansen,Cu}) 17... Qd7 18. Bd3 $40) (15... Nd7 16. e4 dxe4 17. Nxe4 $16) 16. e4 dxe4 17. Nxe4 Nc6 $146 (17... Bf5 18. Bd3 $16) (17... Bxd4 18. Nxd4 cxd4 19. Bf3 $16) (17... cxd4 18. Bc4 Bb7 19. Neg5 $16) ({RR} 17... cxd4 18. Nxf6+ Qxf6 19. Rxd4 Rf8 20. Qd2 Bb7 21. Rd6 Qf5 22. Bd3 Qh5 23. Re5 f5 24. Nd4 Na6 25. Nxf5 Kh8 26. Ne7 {1-0 (26) Zakharevich,I (2430)-Pushkov,N (2515) Elista 1995}) 18. dxc5 Bf5 19. Nxf6+ Qxf6 20. Qc1 $16 Nb4 21. cxb6 (21. a3 Nc2 $1) 21... axb6 (21... Rac8 22. Rxd8+ Qxd8 23. Qf4) 22. Rxd8+ Rxd8 23. a3 Rc8 (23... Nd3 24. Bxd3 Bxd3 25. Ne5 $16) 24. Qf4 Nd3 (24... Nc2 25. Rd1 $16) 25. Bxd3 Bxd3 26. Qxf6 gxf6 27. h3 Rc2 28. Re3 Bc4 (28... Bg6 29. Rb3 $18) 29. Rc3 Rxc3 30. bxc3 Kf8 31. Nd2 Ba6 32. f3 Ke7 33. Kf2 Kd6 34. Ke3 Kd5 35. h4 Ke5 36. c4 Bc8 37. g3 Be6 38. Kd3 Bf5+ 39. Ne4 Be6 (39... Bxe4+ 40. fxe4 h5 41. Ke3 $18) 40. Nf2 Bf5+ 41. Kc3 Bd7 {Ftacnik,L} (41... Bd7 42. Nd3+ (42. Ng4+ $18 {Hansen,Cu}) 42... Kf5 43. Kd4 $18) 1-0

[Event "World-ch30-KK1 Karpov-Kasparov +5-3=40"]
[Site "Moscow"]
[Date "1984.10.12"]
[Round "12"]
[White "Kasparov, Garry"]
[Black "Karpov, Anatoly"]
[Result "1/2-1/2"]
[WhiteElo "2710"]
[BlackElo "2700"]
[PlyCount "41"]
[EventDate "1984.09.10"]
[EventType "match"]
[EventRounds "48"]
[EventCountry "URS"]
[SourceTitle "MainBase"]
[Source "ChessBase"]
[SourceDate "1999.07.01"]
[SourceVersion "2"]
[SourceVersionDate "1999.07.01"]
[SourceQuality "1"]

1. d4 Nf6 2. c4 e6 3. Nf3 d5 4. Nc3 Be7 5. Bg5 h6 6. Bh4 O-O 7. e3 b6 8. Be2 Bb7 9. Bxf6 Bxf6 10. cxd5 exd5 11. b4 c5 12. bxc5 bxc5 13. Rb1 Bc6 14. O-O Nd7 15. Bb5 Qc7 16. Qd2 Rfd8 17. Rfc1 Rab8 18. Bxc6 Rxb1 19. Nxb1 Qxc6 20. dxc5 Nxc5 21. Qc2 $146 ({RR} 21. Qa5 Nb7 22. Qd2 Qb6 23. Nc3 d4 24. Ne4 dxe3 25. Nxf6+ Qxf6 26. Qxe3 Qb6 27. Qf4 {½-½ (27) Bischoff,K (2541)-Hochgraefe,M (2334) Germany 2002}) 1/2-1/2